Cube World Records - Statistics

General Stats
  • This quiz has been taken 3 times
  • The average score is 17 of 20
Answer Stats
Cube Type Time Cuber Nationality % Correct
2 by 2 Single 0.47 Guanbo Wang China
100%
3 by 3 Single 3.13 Max Park USA
100%
4 by 4 Average 19.38 Max Park USA
100%
4 by 4 Single 16.79 Max Park USA
100%
5 by 5 Average 37.00 Max Park USA
100%
5 by 5 Single 33.02 Max Park USA
100%
6 by 6 Average 1:08.56 Max Park USA
100%
6 by 6 Single 59.74 Max Park USA
100%
7 by 7 Average 1:42.12 Max Park USA
100%
7 by 7 Single 1:35.68 Max Park USA
100%
3 by 3 Average 4.69 Yiheng Wang China
100%
2 by 2 Average 1.01 Zayn Khanani USA
100%
Skewb Average 1.56 Zayn Khanani USA
100%
Skewb Single 0.81 Zayn Khanani USA
100%
Pyraminx Average 1.55 Ezra Shere USA
50%
Megaminx Average 27.34 Leandro Martín López Argentina
50%
Megaminx Single 24.83 Leandro Martín López Argentina
50%
Square 1 Average 5.02 Max Siauw USA
50%
Square 1 Single 3.73 Ryan Pilat USA
50%
Pyraminx Single 0.75 Elijah Brown USA
0%
No matching quizzes found
Score Distribution
Percent of People with Each Score
Percentile by Number Answered
Your Score History
You have not taken this quiz